| 000 | 00585nam a2200241Ia 4500 | ||
|---|---|---|---|
| 003 | 0100 | ||
| 008 | 130307s9999 xx 000 0 und d | ||
| 020 | _a0664257712 | ||
| 040 | _cARRUPELIB | ||
| 050 | _aQH442.2H86 1997 | ||
| 245 | _aHuman cloning | ||
| 245 | _breligious responses | ||
| 260 | _aLouisville | ||
| 260 | _bWestminister John Knox Press | ||
| 260 | _c1997 | ||
| 300 | _axiii | ||
| 300 | _b151p. 24cm. | ||
| 650 | _bPromiscuity | ||
| 650 | _cSexually transmitted diseases | ||
| 650 | _dHIV infection | ||
| 700 | _aCole-Turner, Ronald (ed.) | ||
| 942 | 0 | 0 | _02 |
| 999 |
_c100907 _d100907 |
||